Kefahaman dan pengambilan pemakanan dalam sukan di kalangan sekolah asrama penuh /
Saved in:
| 主要作者: | |
|---|---|
| 格式: | Thesis 圖書 |
| 語言: | English |
| 出版: |
2004.
|
| 主題: | |
| 在線閱讀: | http://studentsrepo.um.edu.my/id/eprint/1912 |
| 標簽: |
添加標簽
沒有標簽, 成為第一個標記此記錄!
|
| LEADER | 00870cam a2200217 a 4500 | ||
|---|---|---|---|
| 001 | u712892 | ||
| 003 | SIRSI | ||
| 008 | 051004s2004 my t 000 0 eng m | ||
| 040 | |a UMM | ||
| 090 | |a LB7 |b UM 2004 Mohsaa | ||
| 100 | 0 | 0 | |a Mohd Sharifuddin Abd Aziz |
| 245 | 1 | 0 | |a Kefahaman dan pengambilan pemakanan dalam sukan di kalangan sekolah asrama penuh / |c Mohd Sharifuddin Bin Abd Aziz |
| 260 | |c 2004. | ||
| 300 | |a ix, 114 leaves : |b ill. ; |c 30 cm. | ||
| 502 | |a Dissertation (M.Ed.) -- Fakulti Pendidikan, Universiti Malaya, 2005. | ||
| 504 | |a Bibliography: leaves 105-114. | ||
| 650 | 0 | |a Athletes |x Nutrition |x Requirements | |
| 710 | 2 | 0 | |a Universiti Malaya. |b Fakulti Pendidikan. |
| 856 | 4 | 1 | |u http://studentsrepo.um.edu.my/id/eprint/1912 |
| 596 | |a 1 | ||
| 999 | |a LB7 UM 2004 MOHSAA |w LC |c 1 |i A511932895 |d 31/12/2012 |e 31/12/2012 |f 17/3/2006 |g 1 |l STACKS |m P01UTAMA |n 15 |r Y |s Y |t TESIS |u 10/3/2006 | ||
